| 000 | 00841nam1a22002291i 4500 | ||
|---|---|---|---|
| 001 | rc\2937810 | ||
| 005 | 20240723214720.0 | ||
| 035 | _a(NLR Aleph) 007086815 | ||
| 090 |
_a6533202 _c6533202 |
||
| 100 | _a20110823d1938 |||y0rusy50 ca | ||
| 101 | 0 | _arus | |
| 102 | _aRU | ||
| 105 | _ay z ||||| | ||
| 200 | 1 |
_aКнига для чтения для татарских школ _eУтв. Наркомпросом РСФСР _fКотлярова Т.И., Мезенцева А.Н. |
|
| 210 |
_aСимферополь _cГос. изд-во КрымАССР _d1938 _eСевастополь _g2 гостип. |
||
| 215 | _d22 см | ||
| 700 | 1 |
_aКотлярова _bТ.И. _gТатьяна Ивановна |
|
| 701 | 1 |
_aМезенцева _bА.Н. |
|
| 801 | 0 |
_aRU _bNLR _gpsbo |
|
| 801 | 1 |
_aRU _bELAR _2rusmarc |
|
| 852 |
_aNLR _j38-18/305(1) |
||
| 942 | _cBOOK | ||